000 00205 a2200097 4500
001 30663
100 _aLining stane
245 _aOn Education
260 _aCambridge
_bUnv Press
_c
090 _c20600
_d20600
942 _aNUST-CAE
_cM
_c11782
999 _c265736
_d265736